[Event "fast KO - rating <2000"]
[Site "SchemingMind.com"]
[Date "2012.08.16"]
[Round "-"]
[White "Clive Everill"]
[Black "Holty"]
[Result "0-1"]
[WhiteCountry "CZE"]
[BlackCountry "ENG"]
[WhiteElo "1729"]
[WhiteRD "55"]
[BlackElo "1742"]
[BlackRD "59"]
[GameID "315915"]

1. c4 e5 2. Nc3 Nf6 3. Nf3 Nc6 4. g3 d5 5. cxd5 Nxd5 6. Bg2 Nb6 7. Rb1 Be7 8. O-O O-O 9. d3 Bg4 10. Ne1 Qd7
11. Ne4 h6 12. Be3 Nd5 13. Bd2 Rad8 14. f3 Be6 15. Nc2 Ncb4 16. a3 Nxc2 17. Qxc2 b6 18. Nc3 Bc5+ 19. Kh1 Bd4 20. Nxd5 Bxd5
21. b4 e4 22. fxe4 Be6 23. e3 Bf6 24. d4 h5 25. h3 Bxh3 26. e5 Bxg2+ 27. Kxg2 Be7 28. Bc3 h4 29. Qf5 Qc6+ 30. Rf3 Qxc3
31. gxh4 g6 32. Qe4 Bxh4 33. Rh1 Qd2+ 34. Kh3 Bg5 35. Rh2 Qc3 36. Kg4 Qe1 37. Rxf7 Rxf7 38. Kxg5 Qg3+
0-1

[Event "fast KO - rating <2000"]
[Site "SchemingMind.com"]
[Date "2012.08.16"]
[Round "-"]
[White "Holty"]
[Black "Clive Everill"]
[Result "1-0"]
[WhiteCountry "ENG"]
[BlackCountry "CZE"]
[WhiteElo "1742"]
[WhiteRD "59"]
[BlackElo "1729"]
[BlackRD "55"]
[GameID "315919"]

1. d4 f5 2. e4 fxe4 3. Nc3 Nf6 4. Bg5 Nc6 5. h4 d5 6. Qd2 Bf5 7. Bb5 Qd7 8. O-O-O O-O-O 9. f3 a6 10. Ba4 Qd6
11. g4 Bd7 12. Bxc6 Bxc6 13. Bf4 Qd7 14. Qf2 g6 15. Nge2 Bg7 16. Qg3 Ne8 17. fxe4 e6 18. e5 h6 19. g5 h5 20. Qd3 Qf7
21. Rhf1 Bf8 22. Bd2 Qe7 23. Qxg6 Qg7 24. Nf4 Qxg6 25. Nxg6 Bg7 26. Nxh8 Bxh8 27. Rg1 Ng7 28. g6 Nf5 29. Bg5 Bg7 30. Bxd8 Kxd8
31. Ne2 Nxh4 32. Nf4 Bh6 33. g7 Bxg7 34. Rxg7 Bd7 35. Rdg1 c6 36. Rh7 Nf3 37. Rgg7 Be8 38. Nxe6+ Kc8 39. Rxb7
1-0

[Event "fast KO - rating <2000"]
[Site "SchemingMind.com"]
[Date "2012.08.15"]
[Round "-"]
[White "mmccaffe"]
[Black "eun77"]
[Result "1/2-1/2"]
[WhiteCountry "USA"]
[BlackCountry "ISR"]
[WhiteElo "1622"]
[WhiteRD "59"]
[BlackElo "1381"]
[BlackRD "66"]
[GameID "316019"]

1. e4 e5 2. Nf3 d6 3. d4 exd4 4. Nxd4 Nc6 5. Nxc6 bxc6 6. Bc4 Be7 7. O-O Nf6 8. Nc3 h6 9. h3 O-O 10. Be3 Nh7
11. Qf3 Bg5 12. Rad1 Bxe3 13. Qxe3 a5 14. e5 d5 15. Bd3 Be6 16. f4 Re8 17. Bxh7+ Kxh7 18. Ne4 Qe7 19. Nc5 Rad8 20. Nxe6 Qxe6
21. Qd3+ Kg8 22. Rde1 g6 23. Qa3 Qe7 24. Qxe7 Rxe7 25. Re2 Rde8 26. Rfe1=
1/2-1/2

[Event "fast KO - rating <2000"]
[Site "SchemingMind.com"]
[Date "2012.08.15"]
[Round "-"]
[White "eun77"]
[Black "mmccaffe"]
[Result "0-1"]
[WhiteCountry "ISR"]
[BlackCountry "USA"]
[WhiteElo "1269"]
[WhiteRD "62"]
[BlackElo "1655"]
[BlackRD "62"]
[GameID "316024"]

1. d4 Nf6 2. e3 g6 3. Nf3 Bg7 4. Bd3 O-O 5. O-O d6 6. h3 Nbd7 7. Be2 c6 8. a3 Qc7 9. Nc3 b6 10. Nh2 Bb7
11. Bd3 c5 12. f3 cxd4 13. Ne2 dxe3 14. Bxe3 Rac8 15. Qd2 Nd5 16. Rac1 Nxe3 17. Qxe3 Bxb2 18. Rb1 Bg7 19. Rfc1 Qc5 20. Qxc5 Nxc5
21. Rd1 Nxd3 22. cxd3 Rc2 23. Ng3 Be5 24. Ne4 Bxh2+ 25. Kxh2 Bxe4 26. dxe4 Rfc8 27. Rb3 Re2 28. Rbb1 Rcc2 29. Rg1 Kg7 30. Rbc1 Kf6
31. Rxc2 Rxc2 32. Ra1 Ke5 33. a4 Kf4 34. a5 b5 35. a6 h5
0-1

[Event "fast KO - rating <2000"]
[Site "SchemingMind.com"]
[Date "2012.08.16"]
[Round "-"]
[White "mtnewk"]
[Black "NYNH"]
[Result "0-1"]
[WhiteCountry "USA"]
[BlackCountry "USA"]
[WhiteElo "1560"]
[WhiteRD "80"]
[BlackElo "2034"]
[BlackRD "68"]
[GameID "316099"]

1. d4 Nf6 2. c4 e6 3. Nc3 Bb4 4. Bd2 O-O 5. a3 Bxc3 6. Bxc3 Ne4 7. Qc2 d5 8. Bb4 Re8 9. Nf3 a5 10. Bc3 c5
11. e3 Nc6 12. cxd5 exd5 13. dxc5 Nxc3 14. bxc3 Qe7 15. Bd3 h6 16. O-O Qxc5 17. Rfc1 Bd7 18. Nd4 Ne5 19. Rcb1 Rab8 20. Bb5 Rec8
21. f4 Nc6 22. Bxc6 bxc6 23. Rxb8 Rxb8 24. Ra2 Qb6 25. Qd3 a4 26. h3 Qb1+ 27. Qxb1 Rxb1+ 28. Kf2 c5 29. Ne2 Rb3 30. Ke1 Bb5
0-1

[Event "fast KO - rating <2000"]
[Site "SchemingMind.com"]
[Date "2012.08.20"]
[Round "-"]
[White "Amaroun"]
[Black "emvarela"]
[Result "1-0"]
[WhiteCountry "CZE"]
[BlackCountry "ARG"]
[WhiteElo "1445"]
[WhiteRD "170"]
[BlackElo "1717"]
[BlackRD "50"]
[GameID "316125"]

1. e4 e5 2. Nf3 Nc6 3. Bb5 a6 4. Bxc6 dxc6 5. O-O Qd6 6. Na3 b5 7. c3 c5 8. Re1 Bb7 9. Nc2 Nf6 10. d4 cxd4
11. cxd4 Bxe4 12. Nxe5 O-O-O 13. Nxf7 Qd5 14. Nxd8 Bxg2 15. Re5 Qf3 16. Qxf3 Bxf3 17. Nf7 Bd6 18. Nxd6+ cxd6 19. Re1 Ne4 20. Bf4 d5
21. Nb4 Nf6 22. Nxa6
1-0

[Event "fast KO - rating <2000"]
[Site "SchemingMind.com"]
[Date "2012.08.22"]
[Round "-"]
[White "e_castle3"]
[Black "kubinet"]
[Result "1-0"]
[WhiteCountry "PHI"]
[BlackCountry "GER"]
[WhiteElo "1840"]
[WhiteRD "60"]
[BlackElo "1454"]
[BlackRD "44"]
[GameID "316207"]

1. e4 c5 2. Nf3 d6 3. Bc4 e6 4. O-O Nf6 5. Re1 Be7 6. d3 O-O 7. Nc3 a6 8. a3 b5 9. Ba2 Bb7 10. h3 Nc6
11. Be3 Qc7 12. Qd2 Rad8 13. Rad1 d5 14. exd5 exd5 15. Bf4 Bd6 16. Bg5 Be7 17. Bxf6 Bxf6 18. Nxd5 Qd6 19. Nxf6+ Qxf6 20. Qc3 Qd6
21. Qd2 Nd4 22. Nxd4 cxd4 23. Qg5 h6 24. Qg3 Qc5 25. Rd2 Rc8 26. Re5 Qb6 27. Rde2 Qf6 28. Qg4 Rcd8 29. Qh5 Bc8 30. R2e4 Rd6
31. Qe2 Bb7 32. Rg4 Bc8 33. Rg3 Be6 34. Bxe6 Rxe6 35. Rxe6 fxe6 36. Rf3 Qe7 37. Rxf8+ Kxf8 38. Qe5 Qd7 39. b4 Kf7 40. f4 g6
41. Qh8 h5 42. Qh7+ Ke8 43. Qxg6+ Qf7 44. Qxf7+ Kxf7 45. Kf2 Kf6 46. Kf3 Kf5 47. g4+ hxg4+ 48. hxg4+ Kf6 49. Ke4
1-0

[Event "fast KO - rating <2000"]
[Site "SchemingMind.com"]
[Date "2012.08.24"]
[Round "-"]
[White "kubinet"]
[Black "e_castle3"]
[Result "0-1"]
[WhiteCountry "GER"]
[BlackCountry "PHI"]
[WhiteElo "1454"]
[WhiteRD "44"]
[BlackElo "1840"]
[BlackRD "60"]
[GameID "316213"]

1. e4 c6 2. d4 d5 3. e5 Bf5 4. Nf3 h6 5. Bd3 Bxd3 6. Qxd3 e6 7. O-O Ne7 8. Nc3 Ng6 9. Be3 Nd7 10. Ne2 Be7
11. c3 O-O 12. Nf4 Nxf4 13. Bxf4 Qb6 14. Rab1 Rfc8 15. Nd2 c5 16. Nf3 Rc6 17. Be3 Rac8 18. Rfc1 Qa5 19. a3 c4 20. Qd2 Bf8
21. h3 b5 22. Ne1 Qb6 23. f4 a5 24. Nc2 Rb8 25. Rf1 Qd8 26. f5 exf5 27. Rxf5 Rg6 28. Rbf1 f6 29. exf6 Nxf6 30. Bf4 Bd6
31. Ne1 Ne4 32. Qe3 Qd7 33. Bxd6 Qxd6 34. Re5 b4 35. Qf4 Rf6 36. Qe3 Rxf1+ 37. Kxf1 bxc3 38. bxc3 Qxa3 39. Rxd5 Nxc3 40. Rc5 Rf8+
41. Kg1 Qb2 42. Rxa5 Ne2+ 43. Kh2 Nxd4 44. Rc5 Nf5 45. Qe6+ Kh8 46. Rxf5 Qb8+
0-1

[Event "fast KO - rating <2000"]
[Site "SchemingMind.com"]
[Date "2012.08.20"]
[Round "-"]
[White "cirovicz"]
[Black "ray winteringham"]
[Result "1-0"]
[WhiteCountry "SRB"]
[BlackCountry "ENG"]
[WhiteElo "1846"]
[WhiteRD "125"]
[BlackElo "1532"]
[BlackRD "50"]
[GameID "316248"]

1. e4 e5 2. Nf3 Nc6 3. Bb5 a6 4. Ba4 b5 5. Bb3 Bb7 6. d4 exd4 7. O-O Be7 8. Nxd4 Nf6 9. Nxc6 Bxc6 10. e5 Ne4
11. Nd2 Nc5 12. c4 O-O 13. cxb5 axb5 14. f4 Nd3 15. Qe2 Be4 16. Qxe4 Bc5+ 17. Kh1 Nf2+ 18. Rxf2 Bxf2 19. f5 Bb6 20. Nf3 Re8
21. Bg5 Qc8 22. Re1 d6 23. e6 Kf8 24. f6 g6 25. Bh6+ Kg8 26. exf7+
1-0

[Event "fast KO - rating <2000"]
[Site "SchemingMind.com"]
[Date "2012.08.20"]
[Round "-"]
[White "David Hartley"]
[Black "Michal Drus"]
[Result "0-1"]
[WhiteCountry "ENG"]
[BlackCountry "POL"]
[WhiteElo "1850"]
[WhiteRD "68"]
[BlackElo "1645"]
[BlackRD "57"]
[GameID "316249"]

1. e4 c6 2. d4 d5 3. e5 Bf5 4. Nf3 e6 5. Be2 Ne7 6. O-O h6 7. Nbd2 Qc7 8. Nb3 Nd7 9. Be3 g5 10. Re1 Bg7
11. Bf1 f6 12. exf6 Bxf6 13. c3 O-O-O 14. g3 Ng6 15. Bg2 Kb8 16. Qc1 g4 17. Nfd2 h5 18. Nf1 h4 19. a4 Rh7 20. Re2 hxg3
21. fxg3 Qb6 22. Nbd2 a5 23. Nb3 Qxb3 24. Ra3 Qb6 25. Qe1 Be7 26. Ra1 Rdh8 27. Rb1 Bxb1 28. Qxb1 Rg7 29. Qc2 c5 30. Kh1 e5
0-1

[Event "fast KO - rating <2000"]
[Site "SchemingMind.com"]
[Date "2012.08.20"]
[Round "-"]
[White "ray winteringham"]
[Black "cirovicz"]
[Result "1-0"]
[WhiteCountry "ENG"]
[BlackCountry "SRB"]
[WhiteElo "1496"]
[WhiteRD "50"]
[BlackElo "1760"]
[BlackRD "121"]
[GameID "316250"]

1. d4 f5 2. f3 Nf6 3. Nc3 d5 4. Bg5 c5 5. e3 e6 6. f4 h6 7. Bh4 c4 8. Bxf6 Qxf6 9. Qh5+ g6 10. Qf3 Nc6
11. Nge2 Bb4 12. a3 Bxc3+ 13. Nxc3 g5 14. Nb5 g4 15. Qg3 a6 16. Nc7+ Kd7 17. Nxa8 h5 18. Nb6+ Kc7 19. Na4 h4 20. Qf2 Qh6
21. O-O-O g3 22. Qf3 gxh2 23. Rxh2 Bd7 24. g3 Nxd4 25. exd4 Bxa4 26. b3 cxb3 27. cxb3 Bc6 28. Rxh4 Qg7 29. Rxh8 Qxh8 30. Qe3 Qf8
31. b4 Ba4 32. Rd3 Kd6 33. Rc3 Bc6 34. Qd2 Qh8 35. Be2 Qh1+ 36. Kb2 Qg1 37. Qc2 Qxd4 38. Ka2 Ba4 39. Rd3 Qe4 40. Qd2 Qc4+
41. Kb2 a5 42. bxa5 Kd7 43. Rc3 Qe4 44. Rc4
1-0

[Event "fast KO - rating <2000"]
[Site "SchemingMind.com"]
[Date "2012.08.20"]
[Round "-"]
[White "Michal Drus"]
[Black "David Hartley"]
[Result "1-0"]
[WhiteCountry "POL"]
[BlackCountry "ENG"]
[WhiteElo "1616"]
[WhiteRD "58"]
[BlackElo "1842"]
[BlackRD "71"]
[GameID "316251"]

1. e4 e6 2. d4 d5 3. Nd2 c5 4. exd5 exd5 5. Bb5+ Nc6 6. Ngf3 Nf6 7. O-O c4 8. b3 cxb3 9. axb3 a6 10. Bxc6+ bxc6
11. Qe2+ Be7 12. Re1 h6 13. Ne5 Bb7 14. Ba3 Ra7 15. Ng6 fxg6 16. Bxe7
1-0

[Event "fast KO - rating <2000"]
[Site "SchemingMind.com"]
[Date "2012.08.26"]
[Round "-"]
[White "spoke"]
[Black "ArtistDude"]
[Result "0-1"]
[WhiteCountry "GER"]
[BlackCountry "USA"]
[WhiteElo "1774"]
[WhiteRD "65"]
[BlackElo "1859"]
[BlackRD "83"]
[GameID "316603"]

1. e4 d6 2. d4 Nf6 3. Nc3 g6 4. f4 Bg7 5. Nf3 O-O 6. Bd3 Na6 7. O-O c5 8. d5 Rb8 9. a3 Bg4 10. Qe1 Nc7
11. h3 Bxf3 12. Rxf3 b5 13. Rb1 b4 14. axb4 cxb4 15. Ne2 a5 16. b3 Nd7 17. Be3 Nb5 18. Bxb5 Rxb5 19. Bd4 Rb7 20. Bxg7 Kxg7
21. Nd4 Qb6 22. Qf2 Nc5 23. Nc6 Nxe4 24. Qxb6 Rxb6 25. Ra1 Nc3 26. Rxa5 Rb5 27. Rxb5 Nxb5 28. Nxb4 Nd4 29. Rf2 Rb8 30. c3 Nxb3
31. Nc6 Rb7 32. f5 Nc5 33. fxg6 hxg6 34. Nd8 Rb1+ 35. Kh2 f5 36. c4 Rc1 37. Nc6 Ne4 38. Ra2 Kf6 39. Ra7 f4 40. g4 Rc2+
41. Kg1 f3 42. Ra1 Ng3 43. Nd4 Rg2#
0-1

[Event "fast KO - rating <2000"]
[Site "SchemingMind.com"]
[Date "2012.08.26"]
[Round "-"]
[White "ArtistDude"]
[Black "spoke"]
[Result "1/2-1/2"]
[WhiteCountry "USA"]
[BlackCountry "GER"]
[WhiteElo "1859"]
[WhiteRD "83"]
[BlackElo "1774"]
[BlackRD "65"]
[GameID "316610"]

1. e4 e5 2. f4 d5 3. exd5 e4 4. d3 Nf6 5. dxe4 Nxe4 6. Nf3 c6 7. Nbd2 Nxd2 8. Bxd2 cxd5 9. Bd3 Bc5 10. Bc3 Qe7+
11. Qe2 Qxe2+ 12. Bxe2 O-O 13. O-O-O Rd8 14. Nd4 Nc6 15. g4 Nxd4 16. Bxd4 Bxd4 17. Rxd4 f5 18. g5 Be6 19. Rhd1 Rd6 20. h4 Rc8
21. Bf3 Rdc6 22. R1d2 Rc4 23. b3 Rxd4 24. Rxd4 Rc3 25. Bxd5 Bxd5 26. Rxd5 Rh3 27. Rxf5 Rxh4 28. g6 hxg6 29. Rg5 Kh7 30. f5 Kh6
31. Rxg6+ Kh7 32. Kd2 Rf4 33. Rg5 Kh6 34. Rg6+ Kh7 35. Rg5=
1/2-1/2

[Event "fast KO - rating <2000"]
[Site "SchemingMind.com"]
[Date "2012.10.15"]
[Round "-"]
[White "Michal Drus"]
[Black "cirovicz"]
[Result "0-1"]
[WhiteCountry "POL"]
[BlackCountry "SRB"]
[WhiteElo "1620"]
[WhiteRD "60"]
[BlackElo "1785"]
[BlackRD "119"]
[GameID "319133"]

1. e4 c5 2. Nf3 e6 3. d4 cxd4 4. Nxd4 Nc6 5. Nb5 Bc5 6. Nd6+ Bxd6 7. Bb5 Qc7 8. Qg4 Nge7 9. Bg5 h5 10. Qh4 Nb4
11. Na3 Nxc2+ 12. Nxc2 Qxc2 13. b3 Bb4+
0-1

[Event "fast KO - rating <2000"]
[Site "SchemingMind.com"]
[Date "2012.10.29"]
[Round "-"]
[White "ArtistDude"]
[Black "emvarela"]
[Result "1-0"]
[WhiteCountry "USA"]
[BlackCountry "ARG"]
[WhiteElo "1864"]
[WhiteRD "88"]
[BlackElo "1731"]
[BlackRD "50"]
[GameID "319767"]

1. e4 e5 2. f4 exf4 3. Nf3 g5 4. h4 g4 5. Ne5 d6 6. Nxg4 Be7 7. d3 Bxh4+ 8. Nf2 Qg5 9. Qd2 Bxf2+ 10. Qxf2 Nf6
11. Bxf4 Qa5+ 12. Bd2 Qe5 13. Be2 Nc6 14. Bc3 Qe7 15. Bxf6
1-0

[Event "fast KO - rating <2000"]
[Site "SchemingMind.com"]
[Date "2012.10.29"]
[Round "-"]
[White "emvarela"]
[Black "ArtistDude"]
[Result "0-1"]
[WhiteCountry "ARG"]
[BlackCountry "USA"]
[WhiteElo "1757"]
[WhiteRD "48"]
[BlackElo "1914"]
[BlackRD "84"]
[GameID "319773"]

1. e4 d6 2. d4 Nf6 3. Nc3 g6 4. f4 Bg7 5. Nf3 O-O 6. Bd3 Na6 7. O-O c5 8. d5 Rb8 9. Qe2 Nc7 10. f5 gxf5
11. exf5 Nfxd5 12. Nxd5 Nxd5 13. Ng5 Nf6 14. Bd2 d5 15. b3 h6 16. Bf4 Ra8 17. Nh3 Bd7 18. Qd2 Qb6 19. Kh1 Ne4 20. Bxe4 Bxa1
21. Bxh6 Qf6 22. Rf3 Be5 23. Bf4 Bxf4 24. Qxf4 Rfd8 25. Rg3+ Kf8 26. Qg4 e6 27. Ng5 Qa1+
0-1

[Event "fast KO - rating <2000"]
[Site "SchemingMind.com"]
[Date "2012.11.09"]
[Round "-"]
[White "mmccaffe"]
[Black "NYNH"]
[Result "0-1"]
[WhiteCountry "USA"]
[BlackCountry "USA"]
[WhiteElo "1687"]
[WhiteRD "65"]
[BlackElo "2105"]
[BlackRD "64"]
[GameID "320922"]

1. e4 c5 2. Nf3 d6 3. d4 cxd4 4. Nxd4 Nf6 5. Nc3 g6 6. Be3 Bg7 7. f3 O-O 8. Qd2 Nc6 9. Bc4 Bd7 10. Nxc6 bxc6
11. O-O-O a5 12. g4 a4 13. h4 a3 14. h5 axb2+ 15. Kb1 Be6 16. Bxe6 fxe6 17. Bh6 Qa5 18. Bxg7 Kxg7 19. hxg6 hxg6 20. Kxb2 Qb4+
21. Ka1 Ra3 22. e5 Qxc3+ 23. Qxc3 Rxc3 24. exf6+ Rxf6 25. Rh3 Rfxf3 26. Rxf3 Rxf3 27. Rd3 Rf4
0-1

[Event "fast KO - rating <2000"]
[Site "SchemingMind.com"]
[Date "2012.11.09"]
[Round "-"]
[White "NYNH"]
[Black "mmccaffe"]
[Result "1-0"]
[WhiteCountry "USA"]
[BlackCountry "USA"]
[WhiteElo "2052"]
[WhiteRD "64"]
[BlackElo "1626"]
[BlackRD "65"]
[GameID "320924"]

1. d4 Nf6 2. c4 g6 3. Nc3 d5 4. cxd5 Nxd5 5. e4 Nxc3 6. bxc3 Bg7 7. Bc4 c5 8. Ne2 O-O 9. O-O Nc6 10. Be3 Na5
11. Bd3 cxd4 12. cxd4 Nc6 13. Bc4 Na5 14. Bd3 Nc6 15. Bb5 Bd7 16. Rb1 Rb8 17. d5 Ne5 18. Bxd7 Nxd7 19. Bxa7 Ra8 20. Rxb7 Qa5
21. Qb3 Rxa7 22. Rc1 Nc5 23. Rxa7 Nxb3 24. Rxa5 Nxa5 25. f4 Ra8 26. Rc7 Bf8 27. Nd4 Rb8 28. g3 Rb1+ 29. Kf2 Rb2+ 30. Rc2 Rxc2+
31. Nxc2 Nc4 32. a4 Bg7 33. Ke2 Kf8 34. Nb4 Ke8 35. Nc6 Bc3 36. Kd3 Nb2+ 37. Kxc3 Nxa4+ 38. Kd4 Nb6 39. e5 Kd7 40. g4 h6
41. h3 Nc8 42. Kc5 h5 43. Kb5 hxg4 44. hxg4 Kc7 45. Nxe7 Nxe7 46. d6+ Kd7 47. dxe7 Kxe7 48. Kb6 Ke6 49. Kc7 Ke7 50. f5 gxf5
51. gxf5 f6 52. e6 Ke8 53. Kc6 Ke7 54. Kd5 Ke8 55. Ke4 Ke7 56. Kf4
1-0

[Event "fast KO - rating <2000"]
[Site "SchemingMind.com"]
[Date "2012.12.17"]
[Round "-"]
[White "Holty"]
[Black "e_castle3"]
[Result "1-0"]
[WhiteCountry "ENG"]
[BlackCountry "PHI"]
[WhiteElo "1675"]
[WhiteRD "55"]
[BlackElo "1769"]
[BlackRD "61"]
[GameID "323284"]

1. d4 d5 2. c4 e6 3. Nc3 Nf6 4. Bg5 Be7 5. e3 h6 6. Bf4 a6 7. Bd3 dxc4 8. Bxc4 O-O 9. Nf3 b5 10. Bd3 Bb7
11. O-O Nbd7 12. a3 Bd6 13. Bxd6 cxd6 14. Re1 Rc8 15. Rc1 Re8 16. b4 e5 17. dxe5 dxe5 18. Bf5 Rc7 19. h3 Qa8 20. e4 g6
21. Bxd7 Rxd7 22. Qc2 Qb8 23. Qb3 Rd3 24. Qa2 Red8 25. Qb1 Bc8 26. Qb2 Bxh3 27. Nd1 Bg4 28. Nxe5 Rxd1 29. Nc6 Rxe1+ 30. Rxe1 Qc7
31. Nxd8 Qxd8 32. f3 Be6 33. Qc2 Bc4 34. Rd1 Qb6+ 35. Kh2 Qe6 36. Qc3 Nh5 37. Rd8+
1-0

[Event "fast KO - rating <2000"]
[Site "SchemingMind.com"]
[Date "2012.12.17"]
[Round "-"]
[White "e_castle3"]
[Black "Holty"]
[Result "1-0"]
[WhiteCountry "PHI"]
[BlackCountry "ENG"]
[WhiteElo "1769"]
[WhiteRD "61"]
[BlackElo "1675"]
[BlackRD "55"]
[GameID "323289"]

1. e4 e6 2. d4 d5 3. exd5 exd5 4. Nf3 Bd6 5. Be2 Nf6 6. Bg5 Nbd7 7. O-O c6 8. Nbd2 O-O 9. b3 Qc7 10. h3 Re8
11. c4 h6 12. Be3 a5 13. a3 Ne4 14. Nxe4 dxe4 15. Nd2 Nf6 16. c5 Be7 17. Qc2 Bf5 18. b4 Nd5 19. b5 cxb5 20. Bxb5 Red8
21. Nxe4 Nf6 22. Nxf6+ Bxf6 23. Qxf5 Bxd4 24. Bxd4 Rxd4 25. Rfd1 Rxd1+ 26. Rxd1 Rd8 27. Rxd8+ Qxd8 28. Bc4 Qe8 29. Bd3 g6 30. Qe4 Qc8
31. Bc4 Qxc5 32. Qxg6+ Kh8 33. Bxf7 Qf8 34. Qf6+ Qg7 35. Qxg7+ Kxg7 36. Be8 Kf6 37. Kf1 Ke5 38. Ke2
1-0

[Event "fast KO - rating <2000"]
[Site "SchemingMind.com"]
[Date "2013.02.05"]
[Round "-"]
[White "e_castle3"]
[Black "ArtistDude"]
[Result "0-1"]
[WhiteCountry "PHI"]
[BlackCountry "USA"]
[WhiteElo "1709"]
[WhiteRD "65"]
[BlackElo "1950"]
[BlackRD "94"]
[GameID "326211"]

1. e4 d6 2. Nf3 Nf6 3. Nc3 g6 4. d4 Bg7 5. Bg5 c6 6. Qd2 b5 7. a3 a6 8. Bh6 O-O 9. Bxg7 Kxg7 10. Be2 Nbd7
11. h3 Bb7 12. h4 c5 13. e5 dxe5 14. dxe5 Ng4 15. Qg5 Ngxe5 16. Nxe5 f6 17. Qe3 Nxe5 18. O-O Qc7 19. Rad1 Rad8 20. f4 Nf7
21. h5 g5 22. Bg4 gxf4 23. Rxf4 Rxd1+ 24. Bxd1 e5 25. Rg4+ Ng5 26. Bf3 Bxf3 27. Qxf3 h6 28. Qf5 Qf7 29. Rh4 Kh8 30. a4 Ne6
31. axb5 Nd4 32. Qd3 c4 33. Qd2 Qg7 34. Kf2 Rg8 35. g4 Nf5 36. Rh2 Qxg4
0-1

[Event "fast KO - rating <2000"]
[Site "SchemingMind.com"]
[Date "2013.02.05"]
[Round "-"]
[White "ArtistDude"]
[Black "e_castle3"]
[Result "1-0"]
[WhiteCountry "USA"]
[BlackCountry "PHI"]
[WhiteElo "1933"]
[WhiteRD "95"]
[BlackElo "1734"]
[BlackRD "63"]
[GameID "326215"]

1. e4 Nc6 2. Nf3 d6 3. d4 e6 4. Nc3 a6 5. Bf4 h6 6. Bd3 g5 7. Bg3 Bg7 8. Bc4 g4 9. d5 gxf3 10. dxc6 fxg2
11. Rg1 bxc6 12. Qf3 Bxc3+ 13. Qxc3 Qf6 14. e5 Qg7 15. O-O-O d5 16. Bxd5
1-0

[Event "fast KO - rating <2000"]
[Site "SchemingMind.com"]
[Date "2013.02.03"]
[Round "-"]
[White "cirovicz"]
[Black "NYNH"]
[Result "1-0"]
[WhiteCountry "SRB"]
[BlackCountry "USA"]
[WhiteElo "1838"]
[WhiteRD "126"]
[BlackElo "2052"]
[BlackRD "63"]
[GameID "326340"]

1. e4 c5 2. Nf3 d6 3. d4 cxd4 4. Nxd4 Nf6 5. Nc3 g6 6. Be2 Bg7 7. O-O O-O 8. f4 Nc6 9. Kh1 Bd7 10. a3 Rc8
11. Nxc6 Bxc6 12. Bf3 Qa5 13. Be3 Nd7 14. Bd4 Nf6 15. e5 dxe5 16. Bxe5 Bxf3 17. Qxf3 Qb6 18. Rab1 Rfd8 19. h3 a6 20. Rfc1 Qc6
21. Qxc6 Rxc6 22. Rd1 Rdc8 23. g4 b5 24. Kg2 a5 25. g5 Nh5 26. Bxg7 Nxg7 27. Rd2 Nf5 28. Nxb5 Rxc2 29. Rxc2 Rxc2+ 30. Kf3 Rh2
31. b4 Rxh3+ 32. Kf2 axb4 33. axb4= Kf8 34. Nc7 Nd6 35. b5 e6 36. b6 Nb7 37. Ra1 Rb3 38. Na8 Ke8 39. Rc1 Nd6 40. Rc6 Ke7
41. Ke2 Ra3 42. Nc7 Kd7 43. Rxd6+ Kxd6 44. Nb5+ Kc6 45. Nxa3 Kxb6 46. Nc4+ Kc7 47. Ne5 f6 48. gxf6 Kd8 49. Kf3 Ke8 50. Kg4 h6
51. Kh4
1-0

[Event "fast KO - rating <2000"]
[Site "SchemingMind.com"]
[Date "2013.02.03"]
[Round "-"]
[White "NYNH"]
[Black "cirovicz"]
[Result "1-0"]
[WhiteCountry "USA"]
[BlackCountry "SRB"]
[WhiteElo "2052"]
[WhiteRD "63"]
[BlackElo "1838"]
[BlackRD "126"]
[GameID "326344"]

1. d4 e6 2. c4 Nf6 3. g3 c5 4. d5 d6 5. Nc3 exd5 6. cxd5 Bf5 7. Bg2 Nbd7 8. Nf3 Be7 9. O-O a6 10. a4 O-O
11. h3 Re8 12. Re1 Nf8 13. Nd2 Qc8 14. Nc4 Bxh3 15. Nb6 Qg4 16. Nxa8 Rxa8 17. a5 Bxg2 18. Kxg2 Ng6 19. Ra4 Qh5 20. b3 Qf5
21. Bb2 h5 22. e4 Qg5 23. Bc1 Qe5 24. Qc2 h4 25. f4 Qh5 26. Qe2 h3+ 27. Kh1 Ng4 28. e5 dxe5 29. f5 Qxf5 30. Rxg4
1-0

[Event "fast KO - rating <2000"]
[Site "SchemingMind.com"]
[Date "2013.04.21"]
[Round "-"]
[White "cirovicz"]
[Black "ArtistDude"]
[Result "0-1"]
[WhiteCountry "SRB"]
[BlackCountry "USA"]
[WhiteElo "1785"]
[WhiteRD "121"]
[BlackElo "1980"]
[BlackRD "94"]
[GameID "330371"]

1. e4 d6 2. c4 Nf6 3. Nc3 c5 4. d3 g6 5. f4 Nc6 6. Nf3 Bg4 7. Be3 Bg7 8. h3 Bxf3 9. Qxf3 Nd4 10. Bxd4 cxd4
11. Nd5 Qa5+ 12. b4 Qd8 13. Be2 O-O 14. Nxf6+= Bxf6 15. O-O a6 16. a4 Qb6 17. b5 axb5 18. axb5 Rac8 19. f5 Rxc4 20. Rab1 Rc5
21. g4 Rxb5 22. Rbc1 Bg5 23. fxg6 hxg6 24. Qg3 Bxc1 25. Rxc1 Rb1 26. Rxb1 Qxb1+
0-1

[Event "fast KO - rating <2000"]
[Site "SchemingMind.com"]
[Date "2013.04.21"]
[Round "-"]
[White "ArtistDude"]
[Black "cirovicz"]
[Result "1-0"]
[WhiteCountry "USA"]
[BlackCountry "SRB"]
[WhiteElo "1980"]
[WhiteRD "94"]
[BlackElo "1785"]
[BlackRD "121"]
[GameID "330374"]

1. e4 e5 2. f4 exf4 3. Nf3 d5 4. exd5 c6 5. Nc3 Nf6 6. d4 Nxd5 7. Nxd5 cxd5 8. Bxf4 Bg4 9. Bb5+ Nc6 10. O-O Be7
11. Qd3 O-O 12. c3 a6 13. Ba4 b5 14. Bc2 f5 15. Rae1 Bd6 16. Ne5 Nxe5 17. Bxe5 Bxe5 18. Rxe5 Re8 19. h3 Rxe5 20. dxe5 Bh5
21. Qxf5 Qb6+ 22. Kh1 Bg6 23. Qf3 Qe6 24. Bb3 Be4 25. Qxe4
1-0